[Event "Titled Tuesday intern op 11th Jan"]
[White "Leenhouts,Koen"]
[Black "Pichot,Alan"]
[Site "Chess.com INT"]
[Round "3"]
[Annotator ""]
[Result "0-1"]
[Date "2022.01.11"]
[WhiteElo "2419"]
[BlackElo "2625"]
[PlyCount "84"]

1. d4 Nf6 2. c4 e6 3. g3 d5 4. Nf3 Be7 5. Bg2 O-O 6. O-O dxc4 7. Qc2 a6 8. Rd1 Bd7 9. Ne5 Bc6 10. Nxc6 Nxc6 11. Qxc4 Qd7 12. Nc3 Rfd8 13. Bf4 Nd5 14. Nxd5 exd5 15. Qc2 Bd6 16. Bxd6 Qxd6 17. Rac1 Rac8 18. Qb3 Rb8 19. e3 Ne7 20. Qd3 c6 21. h4 g6 22. a3 Qe6 23. b4 Nc8 24. Rc5 Nd6 25. Rdc1 f5 26. a4 Kg7 27. Qe2 h6 28. Qb2 g5 29. hxg5 hxg5 30. b5 axb5 31. axb5 Nxb5 32. Rxb5 cxb5 33. Qxb5 Rd7 34. Rc5 Rbd8 35. Qd3 Kf6 36. Rb5 f4 37. gxf4 gxf4 38. Qb3 Rg8 39. Rb6 Rd6 40. Rxd6 Qxd6 41. Kf1 Qa6+ 42. Kg1 f3 0-1

[Event "Titled Tuesday intern op 11th Jan"]
[White "Pichot,Alan"]
[Black "Gubajdullin,Alexey"]
[Site "Chess.com INT"]
[Round "4"]
[Annotator ""]
[Result "1-0"]
[Date "2022.01.11"]
[WhiteElo "2625"]
[BlackElo "2314"]
[PlyCount "129"]

1. e4 c6 2. d4 d5 3. e5 Bf5 4. h4 h5 5. Bd3 Bxd3 6. Qxd3 e6 7. Bg5 Qb6 8. Nd2 Qa6 9. c4 Bb4 10. b3 Ne7 11. Ngf3 Nf5 12. O-O Nd7 13. a3 Be7 14. Bxe7 Nxe7 15. b4 Nb6 16. Rfc1 Nxc4 17. Nxc4 dxc4 18. Rxc4 Rd8 19. a4 Nf5 20. Qc2 O-O 21. Rd1 Rd5 22. Rc5 Rfd8 23. Rxd5 Rxd5 24. g3 Qb6 25. Qc4 a5 26. bxa5 Qxa5 27. Rb1 Qa7 28. Rb4 g6 29. Kg2 Kg7 30. Qb3 Rd7 31. Qc4 Qa5 32. Qb3 Qc7 33. Qb2 c5 34. Rc4 b6 35. dxc5 bxc5 36. Qc3 Qb7 37. Rxc5 Nd4 38. Rc4 Nf5 39. Qb4 Qa8 40. Qb1 Nd4 41. Qd1 Nxf3 42. Qxf3 Qxf3+ 43. Kxf3 Rd3+ 44. Ke4 Ra3 45. Kd4 Ra2 46. f4 Ra3 47. Kc5 f6 48. Kb4 Rxg3 49. a5 fxe5 50. fxe5 g5 51. a6 Rg1 52. Kb5 Ra1 53. Ra4 Rb1+ 54. Kc6 Rc1+ 55. Kd6 Rc8 56. a7 Ra8 57. hxg5 Kg6 58. Kxe6 Kxg5 59. Kf7 h4 60. e6 h3 61. Ra5+ Kg4 62. Ra4+ Kg5 63. e7 h2 64. Ra1 Rxa7 65. Rh1 1-0

[Event "Cappelle Online Blitz op"]
[White "Alloui Cros,Baptiste"]
[Black "Pichot,Alan"]
[Site "Europe Echecs INT"]
[Round "9"]
[Annotator ""]
[Result "0-1"]
[Date "2022.01.09"]
[WhiteElo "2076"]
[BlackElo "2625"]
[PlyCount "80"]

1. d4 Nf6 2. Nc3 d5 3. Bf4 c6 4. e3 Bf5 5. Nf3 e6 6. Ne5 Nbd7 7. g4 Nxe5 8. gxf5 Ned7 9. fxe6 fxe6 10. Qf3 Bb4 11. Bd3 O-O 12. Qh3 Qe8 13. Be5 g6 14. O-O-O Qe7 15. Ne2 Nxe5 16. dxe5 Nd7 17. f4 Nc5 18. Nd4 Nxd3+ 19. Rxd3 Rae8 20. c3 Ba5 21. Qg3 c5 22. Nf3 d4 23. exd4 cxd4 24. Nxd4 Rf7 25. h4 Ref8 26. h5 Rg7 27. hxg6 Rxg6 28. Qh3 Rxf4 29. Rg3 Qg7 30. Rxg6 Qxg6 31. Nxe6 Rf2 32. Nd4 Bb6 33. Qe6+ Qxe6 34. Nxe6 Be3+ 35. Kb1 Rf5 36. Re1 Rxe5 37. Nd8 h5 38. Kc2 h4 39. Kd3 h3 40. Rh1 Bb6 0-1

[Event "Cappelle Online Blitz op"]
[White "Fedoseev,Vladimir1"]
[Black "Pichot,Alan"]
[Site "Europe Echecs INT"]
[Round "5"]
[Annotator ""]
[Result "1-0"]
[Date "2022.01.09"]
[WhiteElo "2704"]
[BlackElo "2625"]
[PlyCount "105"]

1. e4 c5 2. Nf3 e6 3. d4 cxd4 4. Nxd4 Nc6 5. Nc3 Qc7 6. Be3 a6 7. g4 b5 8. Nxc6 Qxc6 9. Qd2 b4 10. Ne2 Qxe4 11. Rg1 Qc4 12. Nf4 Qc7 13. O-O-O Nf6 14. Nh5 Bb7 15. Bf4 Qc6 16. Bg2 d5 17. Nxf6+ gxf6 18. g5 Bg7 19. Qxb4 Rc8 20. Rd2 Qb5 21. Qa3 Qc5 22. Qg3 fxg5 23. Be5 f6 24. Bd6 Qb6 25. Re1 Kf7 26. Bh3 Rhe8 27. Bg4 Kg8 28. Bxe6+ Rxe6 29. Rxe6 f5 30. c3 d4 31. Rxd4 Qxd4 32. Re8+ Kf7 33. Rxc8 Qe4 34. Rc7+ Kg6 35. Qe3 Qh1+ 36. Kd2 Be4 37. Rxg7+ Kxg7 38. Qxg5+ Kf7 39. Qe7+ Kg6 40. Qe8+ Kg5 41. Qg8+ Kf6 42. Qxh7 Qb1 43. Qe7+ Kg6 44. Qe6+ Kg5 45. h4+ Kh5 46. Qf7+ Kxh4 47. Qh7+ Kg5 48. Be7+ Kf4 49. Qh4+ Ke5 50. Qf6+ Kf4 51. Qd6+ Kg4 52. Qg3+ Kh5 53. Qg5# 1-0

[Event "Cappelle Online Blitz op"]
[White "Guillaume,Marvin"]
[Black "Pichot,Alan"]
[Site "Europe Echecs INT"]
[Round "1"]
[Annotator ""]
[Result "0-1"]
[Date "2022.01.09"]
[WhiteElo "1831"]
[BlackElo "2625"]
[PlyCount "30"]

1. c4 e5 2. Nc3 Nf6 3. Nf3 Nc6 4. d4 e4 5. Ng5 Bb4 6. f3 d5 7. cxd5 Qxd5 8. e3 Qxg5 9. d5 Nxd5 10. fxe4 Nxc3 11. bxc3 Bxc3+ 12. Bd2 Qxe3+ 13. Be2 Bxd2+ 14. Qxd2 Qxd2+ 15. Kxd2 O-O 0-1

[Event "Cappelle Online Blitz op"]
[White "Guseinov,Gadir"]
[Black "Pichot,Alan"]
[Site "Europe Echecs INT"]
[Round "11"]
[Annotator ""]
[Result "1/2-1/2"]
[Date "2022.01.09"]
[WhiteElo "2661"]
[BlackElo "2625"]
[PlyCount "143"]

1. e4 c5 2. Nc3 e6 3. Nf3 Nc6 4. d4 cxd4 5. Nxd4 Qc7 6. Be3 a6 7. Qd2 Nf6 8. f4 b5 9. e5 Ng4 10. Nxc6 dxc6 11. Ne4 c5 12. O-O-O Nxe3 13. Qxe3 Bb7 14. Nd6+ Bxd6 15. exd6 Qd7 16. Qxc5 Rc8 17. Qe5 O-O 18. Be2 f6 19. Qe3 Bd5 20. f5 Qxd6 21. fxe6 Qc6 22. Rd2 Qxe6 23. Qxe6+ Bxe6 24. a3 Bf5 25. c3 Rfe8 26. Bf3 Re7 27. Rhd1 Be6 28. Rd6 Bb3 29. Bd5+ Bxd5 30. R1xd5 Re1+ 31. Kc2 Ra8 32. Kb3 Kf7 33. g3 Re2 34. Rd2 Re4 35. Rb6 h5 36. Rb7+ Kg6 37. Rdd7 Rg8 38. Rd2 h4 39. Rb6 hxg3 40. hxg3 Ra8 41. Rc6 Rg4 42. Rd3 a5 43. c4 bxc4+ 44. Rxc4 Rb8+ 45. Kc3 Rxc4+ 46. Kxc4 Rxb2 47. Rd5 a4 48. Ra5 Rb3 49. Rxa4 Rxg3 50. Ra7 f5 51. a4 Kf6 52. a5 g5 53. Ra6+ Ke5 54. Ra8 Kf4 55. a6 Ra3 56. a7 g4 57. Kb4 Ra1 58. Kc3 g3 59. Kd3 Kf3 60. Rf8 Ra3+ 61. Kd2 Rxa7 62. Rxf5+ Kg2 63. Ke3 Re7+ 64. Kf4 Rg7 65. Ra5 Kh2 66. Rh5+ Kg1 67. Kf3 g2 68. Ra5 Kh1 69. Rh5+ Kg1 70. Ra5 Rf7+ 71. Kg3 Rg7+ 72. Kf3 1/2-1/2

[Event "Cappelle Online Blitz op"]
[White "Kachkachishvili,Lasha"]
[Black "Pichot,Alan"]
[Site "Europe Echecs INT"]
[Round "3"]
[Annotator ""]
[Result "0-1"]
[Date "2022.01.09"]
[WhiteElo "1817"]
[BlackElo "2625"]
[PlyCount "58"]

1. d4 Nf6 2. c4 e6 3. Nc3 Bb4 4. e3 O-O 5. Bd3 d5 6. Nge2 b6 7. cxd5 exd5 8. O-O Bb7 9. Qc2 a6 10. a3 Bd6 11. Ng3 g6 12. e4 dxe4 13. Ngxe4 Be7 14. Bh6 Re8 15. Rad1 Nbd7 16. d5 Ne5 17. Nxf6+ Bxf6 18. Ne4 Bh8 19. Be2 Bxd5 20. Nc3 c6 21. Nxd5 cxd5 22. Qb3 d4 23. Rfe1 Qh4 24. Bc1 d3 25. Bxd3 Ng4 26. Rxe8+ Rxe8 27. h3 Qxf2+ 28. Kh1 Re1+ 29. Rxe1 Qxe1+ 0-1

[Event "Cappelle Online Blitz op"]
[White "Pichot,Alan"]
[Black "Chitlange,Sakshi"]
[Site "Europe Echecs INT"]
[Round "2"]
[Annotator ""]
[Result "1/2-1/2"]
[Date "2022.01.09"]
[WhiteElo "2625"]
[BlackElo "2132"]
[PlyCount "128"]

1. e4 c6 2. d4 d5 3. e5 Bf5 4. h4 h5 5. Bd3 Bxd3 6. Qxd3 e6 7. Bg5 Qa5+ 8. c3 Qa6 9. Qxa6 Nxa6 10. Nd2 c5 11. a3 cxd4 12. cxd4 Rc8 13. Ne2 Ne7 14. Nf3 Nf5 15. Kd2 Be7 16. Rac1 Kd7 17. g3 Nb8 18. Bxe7 Kxe7 19. Nf4 g6 20. Kd3 Nd7 21. b3 Nh6 22. Ng5 Ng4 23. Ke2 Nb8 24. Rhd1 Nc6 25. Nf3 Na5 26. Nd2 Nh6 27. b4 Nc6 28. Nb3 Nf5 29. Kd3 b6 30. Rc2 Kd7 31. Rdc1 Nce7 32. Nd2 Rxc2 33. Rxc2 Rc8 34. Rxc8 Nxc8 35. Nf3 b5 36. Ng5 Ke7 37. Ne2 Nb6 38. Nc3 a6 39. Nf3 Nc4 40. a4 Nb2+ 41. Kc2 Nxa4 42. Nxa4 bxa4 43. Kb2 Kd7 44. Ka3 Kc6 45. Kxa4 Kb6 46. Ka3 Kb5 47. Kb3 a5 48. bxa5 Kxa5 49. Kc3 Ka4 50. Ng1 Ka3 51. Nh3 Ka4 52. Ng5 Nh6 53. f3 Ka3 54. g4 Ka4 55. gxh5 gxh5 56. f4 Ka3 57. f5 Nxf5 58. Nxf7 Nxh4 59. Ng5 Nf5 60. Nxe6 h4 61. Nf4 Ka4 62. Kd3 Kb5 63. Nh3 Kc6 64. Nf4 Kd7 1/2-1/2

[Event "Cappelle Online Blitz op"]
[White "Pichot,Alan"]
[Black "Droin,Augustin"]
[Site "Europe Echecs INT"]
[Round "4"]
[Annotator ""]
[Result "1-0"]
[Date "2022.01.09"]
[WhiteElo "2625"]
[BlackElo "2365"]
[PlyCount "89"]

1. e4 c5 2. Nf3 d6 3. Bb5+ Nd7 4. d4 Ngf6 5. Bd3 cxd4 6. Nxd4 e6 7. O-O a6 8. Re1 Be7 9. Bf1 O-O 10. c4 Qc7 11. Nc3 b6 12. f3 Bb7 13. Be3 Ne5 14. Rc1 Rfc8 15. Na4 Nfd7 16. b4 Qd8 17. Qd2 Nc6 18. Nb3 Rab8 19. Red1 Nce5 20. Nb2 Ba8 21. a3 h5 22. Qf2 h4 23. h3 a5 24. Qd2 axb4 25. axb4 Qf8 26. Nd4 d5 27. exd5 Bxb4 28. Qf2 exd5 29. Qxh4 dxc4 30. Nxc4 Nxc4 31. Bxc4 Ne5 32. Bb3 Rxc1 33. Rxc1 Bc5 34. Kh1 Rd8 35. Ra1 Bd5 36. Bxd5 Rxd5 37. Qe4 Qd8 38. Nf5 Rd1+ 39. Rxd1 Qxd1+ 40. Kh2 f6 41. Bxc5 bxc5 42. f4 Qd3 43. Qa8+ Kh7 44. Ne7 Qd7 45. Qg8+ 1-0

[Event "Cappelle Online Blitz op"]
[White "Pichot,Alan"]
[Black "Ferey,Antonin"]
[Site "Europe Echecs INT"]
[Round "8"]
[Annotator ""]
[Result "1-0"]
[Date "2022.01.09"]
[WhiteElo "2625"]
[BlackElo "2168"]
[PlyCount "95"]

1. e4 e5 2. Nf3 Nc6 3. Bb5 a6 4. Ba4 Nf6 5. O-O Be7 6. d3 d6 7. c3 O-O 8. Re1 b5 9. Bb3 Na5 10. Bc2 c5 11. Nbd2 Re8 12. Nf1 h6 13. h3 Bf8 14. Ng3 g6 15. a4 Bb7 16. d4 Qc7 17. d5 Nc4 18. b3 Nb6 19. a5 Nbd7 20. Be3 Bg7 21. Nh2 Nf8 22. Ng4 Nxg4 23. hxg4 Bc8 24. f3 Bd7 25. Qd2 g5 26. Nf5 Bxf5 27. gxf5 f6 28. Kf2 Kf7 29. Rh1 Rab8 30. Rh2 b4 31. Bd3 bxc3 32. Qxc3 Qb7 33. Bc4 Nd7 34. g3 Bf8 35. Ke2 Ra8 36. Kd2 Reb8 37. Kc2 Bg7 38. f4 Ke7 39. Rah1 Kd8 40. Rxh6 Bxh6 41. Rxh6 gxf4 42. gxf4 Kc7 43. fxe5 Nxe5 44. Rh7+ Nd7 45. Qxf6 Rf8 46. Qe7 Qc8 47. Bf4 Qd8 48. Qxd6+ 1-0

[Event "Cappelle Online Blitz op"]
[White "Pichot,Alan"]
[Black "Sychev,Klementy"]
[Site "Europe Echecs INT"]
[Round "10"]
[Annotator ""]
[Result "1-0"]
[Date "2022.01.09"]
[WhiteElo "2625"]
[BlackElo "2553"]
[PlyCount "67"]

1. e4 c5 2. Nf3 e6 3. d4 cxd4 4. Nxd4 Nf6 5. Nc3 Nc6 6. Be2 d6 7. Be3 Be7 8. Qd3 a6 9. O-O-O Bd7 10. f4 O-O 11. g4 b5 12. g5 Ne8 13. a3 Rb8 14. h4 b4 15. axb4 Nxb4 16. Qd2 Qb6 17. Nb3 Qb7 18. Kb1 Nxc2 19. Qxc2 Qxb3 20. Qxb3 Rxb3 21. Bxa6 Nc7 22. Bc4 Rb4 23. Bd3 Rfb8 24. Rh2 Nb5 25. Nxb5 Bxb5 26. Bxb5 R8xb5 27. Rd4 e5 28. fxe5 dxe5 29. Rd7 Kf8 30. Rc2 Rb8 31. Ba7 Re8 32. Rxe7 Rxe4 33. Rcc7 Rxh4 34. Bc5 1-0

[Event "Cappelle Online Blitz op"]
[White "Pichot,Alan"]
[Black "Travadon,Loic"]
[Site "Europe Echecs INT"]
[Round "6"]
[Annotator ""]
[Result "1-0"]
[Date "2022.01.09"]
[WhiteElo "2625"]
[BlackElo "2437"]
[PlyCount "115"]

1. e4 c6 2. d4 d5 3. e5 Bf5 4. h4 h6 5. Bd3 Bxd3 6. Qxd3 e6 7. h5 Nd7 8. Nd2 Ne7 9. Ne2 c5 10. c3 Nc6 11. a3 Rc8 12. b4 cxd4 13. cxd4 Be7 14. O-O O-O 15. Nf3 Re8 16. Bd2 Nf8 17. Rfc1 a6 18. Rab1 Qd7 19. a4 Na7 20. b5 axb5 21. axb5 Rxc1+ 22. Nxc1 Rc8 23. Qb3 Nh7 24. Nd3 b6 25. Be3 Ng5 26. Nd2 Ne4 27. Nxe4 dxe4 28. Nf4 Bg5 29. Ne2 Qe7 30. Nc3 Bxe3 31. fxe3 Qh4 32. Ra1 Rc7 33. Qc2 Nxb5 34. Ra8+ Kh7 35. Qxe4+ Qxe4 36. Nxe4 Rc1+ 37. Kf2 Rc2+ 38. Kf3 Rc1 39. Rb8 Rf1+ 40. Ke2 Rb1 41. Kf2 Na3 42. Nd6 b5 43. Nxf7 g5 44. Rb7 b4 45. Nxg5+ Kg8 46. Rb8+ Kg7 47. Nxe6+ Kf7 48. Nc5 Nc4 49. Rb7+ Ke8 50. e6 Nd6 51. Rd7 Nc4 52. Ne4 Rb2+ 53. Kg3 Kf8 54. Nf6 Nd6 55. e7+ Kg7 56. e8=Q+ Kxf6 57. Rxd6+ Kf5 58. Qg6# 1-0

[Event "Cappelle Online Blitz op"]
[White "Sonis,Francesco"]
[Black "Pichot,Alan"]
[Site "Europe Echecs INT"]
[Round "7"]
[Annotator ""]
[Result "1-0"]
[Date "2022.01.09"]
[WhiteElo "2542"]
[BlackElo "2625"]
[PlyCount "145"]

1. d4 Nf6 2. c4 e6 3. Nf3 d5 4. Nc3 dxc4 5. e3 a6 6. Bxc4 c5 7. O-O Nc6 8. dxc5 Qc7 9. Na4 Nd7 10. Qc2 Nxc5 11. Nxc5 Bxc5 12. Bxa6 Bd6 13. Bd3 h6 14. a3 O-O 15. Bd2 e5 16. Rac1 f5 17. e4 f4 18. b4 Qe7 19. Bc4+ Kh8 20. b5 Nd8 21. Bb4 Bxb4 22. axb4 Bg4 23. Qb3 Rc8 24. Bd5 Rxc1 25. Rxc1 Bxf3 26. gxf3 Nf7 27. Bxf7 Rxf7 28. Kf1 Rf8 29. Rc5 Rd8 30. Qc3 Qh4 31. Ke2 Qxh2 32. Rxe5 Qh1 33. Rd5 Ra8 34. Rd2 Qh5 35. Qc5 Qf7 36. b6 Qe6 37. Qc7 Kh7 38. Qc5 Rc8 39. Qb5 Rc6 40. Qd5 Rxb6 41. Qxe6 Rxe6 42. Rd7 b6 43. Rf7 Rf6 44. Rc7 h5 45. Kf1 Kh6 46. Kg2 g5 47. Rd7 Kg6 48. b5 Re6 49. Rb7 Kf6 50. Rh7 Kg6 51. Rb7 Rd6 52. Rc7 Re6 53. Kf1 g4 54. Kg2 Kg5 55. Rg7+ Kh4 56. Rf7 Re5 57. Rxf4 Rxb5 58. Rf7 Rb4 59. e5 gxf3+ 60. Kxf3 Kg5 61. e6 Kg6 62. Ke3 Rb1 63. Kd2 Rb2+ 64. Kd3 Rb1 65. f4 Re1 66. f5+ Kg5 67. e7 h4 68. Kd2 Re4 69. f6 h3 70. Rf8 h2 71. f7 h1=Q 72. Rg8+ Kh4 73. Rh8+ 1-0

[Event "Titled Tuesday intern op 04th Jan"]
[White "Zaksaite,Salomeja"]
[Black "Pichot,Alan"]
[Site "Chess.com INT"]
[Round "3"]
[Annotator ""]
[Result "0-1"]
[Date "2022.01.04"]
[WhiteElo "2261"]
[BlackElo "2625"]
[PlyCount "120"]

1. e4 c5 2. Nc3 Nc6 3. g3 g6 4. Bg2 Bg7 5. d3 d6 6. Nge2 e6 7. O-O Nge7 8. Bg5 h6 9. Be3 Nd4 10. Qd2 Rb8 11. Nd1 b6 12. c3 Nxe2+ 13. Qxe2 O-O 14. f4 Bb7 15. Nf2 Qd7 16. g4 f5 17. gxf5 gxf5 18. Qh5 Qe8 19. Qxe8 Rbxe8 20. Rfe1 Rf6 21. Kf1 Rg6 22. Bf3 Rb8 23. Ke2 Bf6 24. Rg1 Kh7 25. Rxg6 Nxg6 26. Rg1 d5 27. e5 Be7 28. Bh5 Rg8 29. Bxg6+ Rxg6 30. Rxg6 Kxg6 31. d4 Kh5 32. Kf3 Ba6 33. a3 Bf1 34. b4 cxb4 35. cxb4 a5 36. Bd2 Bb5 37. bxa5 bxa5 38. Bxa5 Bxa3 39. Bc7 Ba4 40. Bd6 Bb2 41. Ke3 Bc1+ 42. Kf3 Bc2 43. Nh3 Be4+ 44. Kg3 Bd2 45. Nf2 Be1 46. Bc5 Kg6 47. Bb6 h5 48. h4 Kf7 49. Bc5 Ke8 50. Ba3 Kd7 51. Bc1 Kc6 52. Be3 Kb5 53. Kh2 Kc4 54. Nh3 Kd3 55. Bg1 Bxh4 56. Ng5 Bxg5 57. fxg5 f4 58. Bf2 Ke2 59. Kg1 Kf3 60. Kf1 Kg4 0-1

[Event "Wch Blitz"]
[White "Pichot,Alan"]
[Black "Samunenkov,Igor"]
[Site "Warsaw"]
[Round "5"]
[Annotator ""]
[Result "0-1"]
[Date "2021.12.29"]
[WhiteElo "2625"]
[BlackElo "2369"]
[PlyCount "70"]

1. e4 c6 2. d4 d5 3. e5 Bf5 4. h4 h5 5. Bd3 Bxd3 6. Qxd3 Qa5+ 7. b4 Qa6 8. Qf3 e6 9. c3 Qb6 10. a4 a5 11. bxa5 Qxa5 12. Ne2 Ne7 13. Ng3 g6 14. Bg5 Bg7 15. Nd2 Nd7 16. O-O Nf5 17. Rfb1 Nxg3 18. fxg3 Qc7 19. g4 hxg4 20. Qxg4 O-O 21. Nf3 Rae8 22. Re1 f5 23. Qg3 Nb6 24. h5 gxh5 25. Kf2 Qf7 26. Bf4 Nc4 27. Rh1 Nb2 28. Ke2 c5 29. Qg5 cxd4 30. Rxh5 d3+ 31. Kf2 Qe7 32. Qg6 d2 33. Rah1 Nd3+ 34. Ke3 Qc5+ 35. Kxd3 Qc4+ 0-1

[Event "Titled Tuesday intern op 21st Dec"]
[White "Gareyev,Timur"]
[Black "Pichot,Alan"]
[Site "Chess.com INT"]
[Round "6"]
[Annotator ""]
[Result "0-1"]
[Date "2021.12.21"]
[WhiteElo "2573"]
[BlackElo "2625"]
[PlyCount "92"]

1. d4 Nf6 2. Nf3 d5 3. c4 e6 4. Nc3 dxc4 5. e4 b5 6. e5 Nfd7 7. Nxb5 Nb6 8. Be2 Nc6 9. O-O Be7 10. Na3 Bxa3 11. bxa3 Bb7 12. Be3 O-O 13. Rc1 Ne7 14. Nd2 c3 15. Rxc3 Ned5 16. Rc1 Nxe3 17. fxe3 Qg5 18. e4 Qe3+ 19. Kh1 Qxd4 20. Rxc7 Rab8 21. Nf3 Qxe4 22. Bd3 Qg4 23. h3 Qh5 24. Qe2 Nd5 25. Rc4 Ba6 26. Rh4 Bxd3 27. Qxd3 Qg6 28. Qxg6 hxg6 29. Rf2 Rfc8 30. Ng5 Rb7 31. Kh2 Rc3 32. Ra4 Rbc7 33. Ra5 R3c5 34. Ra6 Nb6 35. Nf3 Nd7 36. Rd2 Kf8 37. Rad6 Ke7 38. Ra6 Nxe5 39. Nd4 Rd7 40. Rc2 Rxc2 41. Nxc2 g5 42. Ne3 f5 43. Ra5 Kf6 44. Nc2 f4 45. Nb4 Rd2 46. Ra6 Nf3+ 0-1

[Event "Titled Tuesday intern op 21st Dec"]
[White "Karacsonyi,Gellert"]
[Black "Pichot,Alan"]
[Site "Chess.com INT"]
[Round "4"]
[Annotator ""]
[Result "1/2-1/2"]
[Date "2021.12.21"]
[WhiteElo "2348"]
[BlackElo "2625"]
[PlyCount "188"]

1. e4 e5 2. Nf3 Nc6 3. Bb5 a6 4. Bxc6 dxc6 5. O-O f6 6. d4 exd4 7. Nxd4 Ne7 8. Bf4 Ng6 9. Bg3 Bd6 10. Nf5 Bxg3 11. Qxd8+ Kxd8 12. hxg3 Rg8 13. Nd2 Be6 14. Nf3 Ke8 15. Rad1 Kf7 16. N3d4 Bc8 17. f4 c5 18. Nf3 Be6 19. Ne3 Ne7 20. a3 Rad8 21. c3 Bb3 22. Rxd8 Rxd8 23. Rf2 Rd3 24. Re2 Nc6 25. Kf2 a5 26. Rd2 Rxd2+ 27. Nxd2 Be6 28. g4 a4 29. Kf3 Ke7 30. g3 Na5 31. Nf5+ Kf8 32. Ne3 Ke7 33. Nf5+ Kf8 34. Ne3 g6 35. Nd5 Bxd5 36. exd5 Ke7 37. Ke4 b5 38. Kd3 Kd6 39. Ne4+ Kxd5 40. Nxf6+ Ke6 41. Ne4 Kd5 42. Nf6+ Kd6 43. g5 Nc4 44. Kc2 Ke6 45. Nxh7 Kf5 46. Nf6 Nd6 47. Nd5 Ne4 48. Ne7+ Ke6 49. Nxg6 Nxg3 50. Nh4 Ne2 51. f5+ Ke5 52. f6 Ke6 53. Nf3 Nf4 54. Kd2 c4 55. Nd4+ Kf7 56. Nc6 Nd3 57. Nd8+ Kg6 58. Ne6 Kf7 59. Nxc7 Nxb2 60. Nxb5 Nd3 61. Nd6+ Kg6 62. Nxc4 Nc5 63. Ne5+ Kxg5 64. f7 Ne6 65. Kd3 Kf6 66. Nd7+ Kxf7 67. Nb6 Ke7 68. Nxa4 Kd6 69. Kc4 Kc6 70. Nb2 Nc5 71. Nd3 Nb7 72. Nb4+ Kb6 73. Kb3 Kb5 74. a4+ Kc5 75. Nd3+ Kd5 76. c4+ Kd4 77. Nb2 Kc5 78. Kc3 Na5 79. Nd3+ Kb6 80. Kb4 Nc6+ 81. Kc3 Ka5 82. Nb2 Ne5 83. c5 Nd7 84. Kc4 Nb8 85. Kd5 Na6 86. c6 Kb6 87. Nc4+ Kc7 88. Ne5 Kb6 89. Kd6 Ka5 90. Nd3 Kb6 91. Kd7 Nb8+ 92. Kd6 Nxc6 93. a5+ Kb5 94. Ne5 Nxa5 1/2-1/2

[Event "Titled Tuesday intern op 21st Dec"]
[White "Perdomo,Carlos Andres"]
[Black "Pichot,Alan"]
[Site "Chess.com INT"]
[Round "2"]
[Annotator ""]
[Result "0-1"]
[Date "2021.12.21"]
[WhiteElo "2301"]
[BlackElo "2625"]
[PlyCount "58"]

1. Nf3 Nf6 2. c4 e6 3. Nc3 d5 4. e3 a6 5. d4 dxc4 6. Bxc4 b5 7. Bb3 Bb7 8. O-O c5 9. dxc5 Nbd7 10. c6 Bxc6 11. Nd4 Bb7 12. a3 Qb8 13. h3 Nc5 14. Bc2 Be7 15. b4 Ncd7 16. Bb2 O-O 17. Bb3 Ne5 18. Qe2 Qa7 19. Rac1 Rac8 20. Rfd1 Qa8 21. f3 Nc4 22. Bxc4 Rxc4 23. e4 Nh5 24. Qf2 Bg5 25. Rc2 Rd8 26. Nb1 Be3 27. Qxe3 Rxc2 28. Nxc2 Rxd1+ 29. Kh2 Qb8+ 0-1

[Event "Titled Tuesday intern op 21st Dec"]
[White "Pichot,Alan"]
[Black "Dreev,Alexey"]
[Site "Chess.com INT"]
[Round "7"]
[Annotator ""]
[Result "0-1"]
[Date "2021.12.21"]
[WhiteElo "2625"]
[BlackElo "2623"]
[PlyCount "130"]

1. e4 c6 2. d4 d5 3. e5 Bf5 4. h4 h5 5. Bd3 Bxd3 6. Qxd3 Qa5+ 7. b4 Qa6 8. Qf3 e6 9. c3 Qb6 10. a4 a5 11. bxa5 Qxa5 12. Ne2 Nd7 13. O-O Ne7 14. Ng3 Ng6 15. Bg5 Be7 16. Bxe7 Kxe7 17. Nd2 Nxh4 18. Qe3 Ng6 19. f4 h4 20. f5 hxg3 21. Qg5+ Ke8 22. fxe6 Ndf8 23. exf7+ Kd7 24. Qxg3 Qd8 25. e6+ Nxe6 26. Qxg6 Qh4 27. Nf3 Qh6 28. Ne5+ Ke7 29. f8=Q+ Raxf8 30. Rxf8 Qh2+ 31. Kf2 Rxf8+ 32. Nf3 Qh4+ 33. Kg1 Qh6 34. Qd3 Nf4 35. Re1+ Kd8 36. Qe3 Qf6 37. Ne5 Kc7 38. Nf3 g6 39. Qe7+ Qxe7 40. Rxe7+ Kb6 41. Kf2 Nd3+ 42. Ke3 Nb2 43. Ne5 Nc4+ 44. Nxc4+ dxc4 45. Re5 Ra8 46. Rg5 Rxa4 47. Rxg6 Ra3 48. Kd2 Ra2+ 49. Kd1 Rf2 50. g4 Rg2 51. Rg7 Ka6 52. g5 b5 53. g6 Ka5 54. Ra7+ Kb6 55. Rg7 Ka5 56. Ra7+ Kb6 57. Rg7 b4 58. cxb4 Kb5 59. Rb7+ Ka6 60. Rg7 c3 61. b5+ Kxb5 62. Rg8 Kc4 63. g7 Kd3 64. Ke1 c2 65. Kf1 Rg4 0-1

[Event "Titled Tuesday intern op 21st Dec"]
[White "Pichot,Alan"]
[Black "Grunberg,Mihai Lucian"]
[Site "Chess.com INT"]
[Round "1"]
[Annotator ""]
[Result "1-0"]
[Date "2021.12.21"]
[WhiteElo "2625"]
[BlackElo "2401"]
[PlyCount "53"]

1. e4 Nf6 2. e5 Nd5 3. d4 d6 4. c4 Nb6 5. exd6 cxd6 6. Nc3 g6 7. Be3 Bg7 8. Rc1 O-O 9. b3 e5 10. Nf3 Bg4 11. Be2 Nc6 12. dxe5 dxe5 13. O-O Qxd1 14. Rfxd1 Rfd8 15. h3 Bxf3 16. Bxf3 Nd7 17. Ne4 Nf8 18. Nd6 Nd4 19. Nxb7 Nxf3+ 20. gxf3 Rxd1+ 21. Rxd1 Rb8 22. Na5 Ne6 23. Nc6 Rb7 24. Nd8 Rc7 25. Nxe6 fxe6 26. Rd8+ Bf8 27. Ra8 1-0

[Event "Titled Tuesday intern op 21st Dec"]
[White "Pichot,Alan"]
[Black "Pershin,Denis"]
[Site "Chess.com INT"]
[Round "5"]
[Annotator ""]
[Result "1-0"]
[Date "2021.12.21"]
[WhiteElo "2625"]
[BlackElo "2388"]
[PlyCount "75"]

1. e4 c5 2. Nf3 e6 3. d4 cxd4 4. Nxd4 Nf6 5. Nc3 Bb4 6. e5 Nd5 7. Bd2 Bxc3 8. bxc3 O-O 9. c4 Ne7 10. Bd3 Nbc6 11. Nxc6 Nxc6 12. Bc3 b6 13. Qh5 g6 14. Qh6 d6 15. O-O-O d5 16. h4 d4 17. h5 Qe7 18. hxg6 fxg6 19. Bxg6 Qg7 20. Bxh7+ Kf7 21. Bxd4 Qxh6+ 22. Rxh6 Kg7 23. Be3 Nxe5 24. Be4 Rb8 25. Rh5 Nf7 26. Rdh1 e5 27. Bd5 Bg4 28. Rh7+ Kf6 29. Be4 Bf5 30. Bxf5 Kxf5 31. Rg7 Ke6 32. Rhh7 Rbc8 33. c5 bxc5 34. g4 a6 35. g5 Nd6 36. Rh6+ Kd5 37. Rd7 Rc6 38. c4+ 1-0

[Event "Titled Tuesday intern op 21st Dec"]
[White "Pichot,Alan"]
[Black "Shyam,Nikil P"]
[Site "Chess.com INT"]
[Round "3"]
[Annotator ""]
[Result "1/2-1/2"]
[Date "2021.12.21"]
[WhiteElo "2625"]
[BlackElo "2442"]
[PlyCount "99"]

1. e4 c5 2. Nf3 Nc6 3. d4 cxd4 4. Nxd4 g6 5. c4 Bg7 6. Be3 Nf6 7. Nc3 O-O 8. Be2 d6 9. O-O Bd7 10. h3 Nxd4 11. Bxd4 Bc6 12. Qc2 a6 13. Rad1 Nd7 14. Bxg7 Kxg7 15. b4 b6 16. Rfe1 Rc8 17. Bf1 Bb7 18. Qb2 Kg8 19. Nd5 e6 20. Ne3 Qe7 21. Qd4 Rfd8 22. Qxd6 Kf8 23. f3 Qxd6 24. Rxd6 Ke7 25. Red1 g5 26. Kf2 Rc6 27. R6d2 Rcc8 28. a3 Ne5 29. Rxd8 Rxd8 30. Rxd8 Kxd8 31. Ke1 a5 32. Kd2 axb4 33. axb4 h5 34. Kc3 h4 35. Ng4 Ng6 36. Kd4 Ke7 37. Ne5 Nf4 38. c5 f6 39. Nc4 e5+ 40. Kc3 bxc5 41. bxc5 Ba6 42. Kb4 Kd8 43. Ka5 Bxc4 44. Bxc4 Kc7 45. Bf1 Ne6 46. Kb4 Nf4 47. Kb5 Ne6 48. Kb4 Nf4 49. Kb3 Ne6 50. Kb4 1/2-1/2

[Event "Abu Dhabi Masters Blitz 27th"]
[White "Harutyunian,Tigran K"]
[Black "Pichot,Alan"]
[Site "Abu Dhabi"]
[Round "7"]
[Annotator ""]
[Result "0-1"]
[Date "2021.12.15"]
[WhiteElo "2552"]
[BlackElo "2625"]
[PlyCount "52"]

1. c4 e5 2. Nc3 Bb4 3. Qc2 Nf6 4. Nf3 Bxc3 5. Qxc3 d6 6. e3 O-O 7. Be2 c5 8. O-O Nc6 9. d3 h6 10. b3 Bf5 11. Bb2 Re8 12. Rfd1 Qc7 13. h3 a6 14. a3 b5 15. b4 a5 16. cxb5 axb4 17. axb4 Nxb4 18. Rxa8 Rxa8 19. d4 Nfd5 20. Qc1 exd4 21. exd4 Na2 22. Qc4 Nb6 23. Qb3 c4 24. Qe3 Nd5 25. Qd2 c3 26. Qc1 Nxc1 0-1

[Event "Abu Dhabi Masters Blitz 27th"]
[White "Jumabayev,Rinat"]
[Black "Pichot,Alan"]
[Site "Abu Dhabi"]
[Round "5"]
[Annotator ""]
[Result "1-0"]
[Date "2021.12.15"]
[WhiteElo "2631"]
[BlackElo "2625"]
[PlyCount "101"]

1. d4 d5 2. Nf3 Nf6 3. c4 dxc4 4. e3 e6 5. Bxc4 a6 6. O-O c5 7. Re1 b5 8. Bb3 Bb7 9. Nc3 Nbd7 10. e4 cxd4 11. Nxd4 Nc5 12. Bc2 Be7 13. e5 Nd5 14. Qg4 g6 15. Bh6 Bf8 16. Bxf8 Kxf8 17. Rad1 Qe7 18. Ne4 Nxe4 19. Bxe4 Rd8 20. h4 h5 21. Qg3 Kg7 22. a3 Rd7 23. Nf3 Rhd8 24. Ng5 Nb6 25. Rxd7 Rxd7 26. Bxb7 Rxb7 27. Ne4 Nd5 28. Nd6 Rc7 29. Rd1 Qd8 30. Qf3 Kg8 31. g3 f5 32. Qb3 Kh7 33. a4 b4 34. Qd3 Qa8 35. Qd4 Qc6 36. b3 Qc3 37. Ne8 Rb7 38. Nf6+ Nxf6 39. exf6 Qxd4 40. Rxd4 Kg8 41. Rd6 Kf7 42. Rxa6 Kxf6 43. Ra5 g5 44. Rb5 Rg7 45. Rxb4 gxh4 46. Rxh4 Kg5 47. a5 e5 48. Ra4 f4 49. a6 fxg3 50. fxg3 Ra7 51. b4 1-0